Deutsche Volksfront 1932-39 : Zwischen Berlin, Paris und Moskau. Bd. 2, Geschichte des Ausschusses zur Vorbereitung einer deutschen Volksfront / Ursula Langkau-Alex
Record details
- ISBN: 3-05-004032-7 (váz.)
- Physical Description: xvii, 590 s. ; 24 cm
- Publisher: Berlin : Akademie, c2004
Search for related items by series
Available copies
- 1 of 1 copy available at Common Catalog SPOK.
Holds
- 0 current holds with 1 total copy.
Show Only Available Copies
| Location | Call Number / Copy Notes | Barcode | Shelving Location | Status | Due Date |
|---|---|---|---|---|---|
| Terezin Initiative Institute | 4548 | 4594304548 | Knihovna ITI | Available | - |
| LDR | 01373nam a2200409 a 4500 | ||
|---|---|---|---|
| 001 | 27253 | ||
| 003 | CZ-PrJAB | ||
| 005 | 20221013091549.0 | ||
| 008 | 050428s2004 gw gr 000 0 ger | ||
| 020 | . | ‡a3-05-004032-7 (váz.) | |
| 035 | . | ‡a(CONS)2071 | |
| 035 | . | ‡a(CZ PrSKC)zpk20051525270 | |
| 040 | . | ‡aABA001 ‡bcze | |
| 080 | . | ‡a323.25/.26:329.18 ‡2MRF | |
| 080 | . | ‡a314.15-026.44 ‡2MRF | |
| 080 | . | ‡a32-026.12:314.15-026.49 ‡2MRF | |
| 080 | . | ‡a329.71 ‡2MRF | |
| 080 | . | ‡a323 ‡2MRF | |
| 080 | . | ‡a(=112.2) ‡2MRF | |
| 080 | . | ‡a(430) ‡2MRF | |
| 080 | . | ‡a(048.8) ‡2MRF | |
| 100 | 1 | . | ‡aLangkau-Alex Ursula ‡4aut |
| 245 | 1 | 0. | ‡aDeutsche Volksfront 1932-39 : ‡bZwischen Berlin, Paris und Moskau. ‡nBd. 2, ‡pGeschichte des Ausschusses zur Vorbereitung einer deutschen Volksfront / ‡cUrsula Langkau-Alex |
| 260 | . | ‡aBerlin : ‡bAkademie, ‡cc2004 | |
| 300 | . | ‡axvii, 590 s. ; ‡c24 cm | |
| 490 | 1 | . | ‡aTheoria cum Praxi |
| 830 | 0. | ‡aTheoria cum Praxi | |
| 852 | 4 | . | ‡bJACH-ITI ‡bJACH-ITI ‡cKnihovna ITI ‡j4548 ‡p4548 ‡y$0.00 |
| 910 | . | ‡aABE340 ‡b4548 | |
| 995 | . | ‡a\ ‡askok | |
| 901 | . | ‡a27253 ‡bISxN ‡c27253 ‡tbiblio | |